| 000 | 00447nam a22001697a 4500 | ||
|---|---|---|---|
| 003 | SISC | ||
| 005 | 20160215130708.0 | ||
| 008 | 130906t xxu||||| |||| 00| 0 eng d | ||
| 050 |
_aRA 781 _b.H361 19- |
||
| 082 |
_aHS 613.7 _bH28 19 |
||
| 245 |
_aPhysical fitness : _bthe clark hatch way / _cClark Hatch |
||
| 260 | _aIndonesia | ||
| 300 |
_a60 p. : _bill. ; _c18 cm. |
||
| 650 |
_aPhysical fitness _912653 |
||
| 942 |
_2lcc _cBK |
||
| 999 |
_c10500 _d10500 |
||